00261nam a22000977a 450000500170000000800410001702000090005804000080006724500410007526000470011620200903145002.0200903b ||||| |||| 00| 0 eng d a9560 cCML aOrganic Chemistry.cWaddington, D.J. aGreat BritainbButler and Tanner Ltdc1962